| 000 | 01508njm a2200289Ia 4500 | ||
|---|---|---|---|
| 001 | 37689 | ||
| 003 | IT-RoPAU | ||
| 005 | 20220918181126.0 | ||
| 008 | 131025s9999 xx 000 0 und d | ||
| 040 | _aIT-RoPAU | ||
| 040 | _cIT-RoPAU | ||
| 041 | _aITALIANO | ||
| 999 |
_c100183 _d100183 |
||
| 999 | _bn.d. | ||
| 100 |
_aAnonimo _9883 |
||
| 100 |
_eAutore musica _919843 |
||
| 100 |
_gCodice autore musica SPICS: 2620 _9885 |
||
| 245 | _aCanti popolari di carcere e mafia | ||
| 250 | _a1a ed. | ||
| 260 | _aTORINO | ||
| 260 |
_bFONIT CETRA _c1976 [1a Ed.:1976 - Ed. Lingua Orig.: 1976] |
||
| 300 | _aDISCO | ||
| 300 | _c39 minuti (Testo: 2 pag.) | ||
| 500 | _aMusica popolare, folk. Canti popolari di carcere e mafia raccolti e presentati da Antonino Uccello | ||
| 505 | _aCarceratu cci sugnu intra un tempu - Tutti l'amici mia nfami e carogna - Dumani si discinni la mà liti - Vintitrì anni appena - ...A lu castieddu - M'affacciu ri cancielli - Lu Iurici ri mia vol - E lu quattru cincu e sSsiei - Sentu chiamari mamma - Quannu arristaru a mmia - Poviri carcirati - La sira di lu Iovi m'arristaru - Carcirateddu sugnu e ppi na ronna - Lu carciri di Sciacca bbellu pari - Carciru fabbricatu di petra e gghissu - E ora l'amici mia cuntenti sunu - E Tturiddu ca Iu di ccà taliu - Carciarateddu sugnu pi na ronna - Cu rici ca lu carciru è galera - Sugnu ittatu nna dda Favagnana - U carciaru ri Sciacca è mmuntuvatu | ||
| 650 |
_aPOPOLARE [DISCHI] _eCodice MATERIA SPICS: 9950 _919844 |
||
| 942 |
_cMD _2ddc |
||